000
00151nam a22000857a 4500
082
_a
823
100
_a
UNKNOWN
245
_a
BUBBLES IS SELFISH
942
_c
BK
999
_c
8034
_d
8034